Star Wars Učeň temnoty

Bibliographic Details
Main Author: Golden, Christie, 1963- (Author)
Other Authors: Lucas, Katie (Author of introduction, etc.), Baluchová, Veronika (Translator)
Format: Book
Language:Slovak
English
PhysicalDescription:330 strán 21 cm
Published: Praha Egmont ČR 2016
ISBN:9788025237298
Edition:1. vydanie
Series:Star Wars
Subjects:

MARC

LEADER 00000nam a2200000 a 4500
001 vtls011578828
003 SK-MaSNL
005 20260301050309.0
008 240318s2016 xr g 000 f slo
015 |a SNBZSA2017/02 
020 |a 9788025237298  |q (brožované) 
035 |a urn:nbn:sk:snk-am00dzj7 
035 |a urn:nbn:sk:snk-am3i9v4 
035 |a FF2E9953-E47B-429E-AE9C-3A83358EC04B 
040 |a SNK  |b slo  |c SNK  |e AACR2 
041 1 |a slo  |h eng 
044 |a xr  |c CZ 
072 7 |a 821.111(73)-3  |x Americká próza  |2 konspekt 
080 |a 821.111(73)-31  |2 2011 
080 |a 82-311.9  |2 2011 
100 1 |a Golden, Christie,  |d 1963-  |4 aut  |9 355706 
240 1 0 |a Star Wars. dark disciple  |l Slovensky 
245 1 0 |a Star Wars  |p Učeň temnoty  |c Christie Golden ; [predslov Katie Lucas ; z anglického originálu preložila Veronika Baluchová] 
246 3 0 |a Učeň temnoty 
246 3 3 |a Star Wars 
250 |a 1. vydanie 
260 |a Praha  |b Egmont ČR  |c 2016 
300 |a 330 strán  |c 21 cm 
490 1 |a Star Wars 
500 |a Na obálke: Podľa zamýšľaných epizód seriálu Star Wars: Klonovaní útočia 
655 7 |a americké romány  |2 SNKPH  |9 1174 
655 7 |a vedecko-fantastické romány  |2 SNKPH  |9 70221 
655 7 |a American novels  |2 SNKPHeng  |9 277755 
655 7 |a Science fiction novels  |2 SNKPHeng  |9 277894 
700 1 |a Lucas, Katie  |4 aui  |9 355707 
700 1 |a Baluchová, Veronika  |4 trl  |9 171359 
830 0 |a Star Wars  |9 355708 
919 |a 978-80-252-3729-8 
958 |a ZS 
958 |a NB 
999 |c 600593  |d 602523 
952 |a SNK  |b SNK  |y PREZ  |7 0  |p 17A1537113  |o snkSC 172833 D1  |i snk2025/10568  |8 7  |0 0  |1 0  |4 0  |d 2025-07-04  |l 0  |r 2026-02-23 15:52:52  |w 2026-02-23 
952 |a SNK  |b SNK  |y PREZ  |7 0  |p 17A1250215  |o snkSC 172833  |i snk2017/440  |8 4  |g 13.32  |0 0  |1 0  |4 0  |d 2016-12-02  |f 1  |l 0  |r 2025-09-11 00:00:00  |w 2026-02-23